Max Jacob / (Record no. 83550)

MARC details
000 -LEADER
campo de control de longitud fija 00759nam a2200205 i 4500
001 - NÚMERO DE CONTROL
campo de control 83550
003 - IDENTIFICADOR DE NÚMERO DE CONTROL
campo de control ES-MaACL
005 - FECHA Y HORA DE LA ÚLTIMA TRANSACCIÓN
campo de control 20241012063105.0
007 - CAMPO FIJO DE DESCRIPCIÓN FÍSICA--INFORMACIÓN GENERAL
campo de control de longitud fija t|
008 - DATOS DE LONGITUD FIJA--INFORMACIÓN GENERAL
campo de control de longitud fija 041117s1949 fr ||||1| fre d
100 0# - ENTRADA PRINCIPAL--NOMBRE DE PERSONA
Nombre de persona Billy, André,
Fechas asociadas al nombre 1882-1971
9 (RLIN) 28895
245 10 - MENCIÓN DEL TÍTULO
Título Max Jacob /
Mención de responsabilidad, etc. une étude par André Billy ; avec des lettres inédites du poéte a Guillaume Apollinaire, un choix de poémes des inédits...
260 ## - PUBLICACIÓN, DISTRIBUCIÓN, ETC.
Lugar de publicación, distribución, etc. [Paris] :
Nombre del editor, distribuidor, etc. Pierre Seghers,
Fecha de publicación, distribución, etc. [1949] (
Fabricante Bellenand)
300 ## - DESCRIPCIÓN FÍSICA
Extensión 211 p., 2 lám. :
Otras características físicas il. ;
Dimensiones 16 cm.
490 1# - MENCIÓN DE SERIE
Mención de serie Poétes d'Aujourd'hui ;
Designación de volumen o secuencia 3
700 1# - ENTRADA AGREGADA--NOMBRE PERSONAL
Nombre de persona Apollinaire, Guillaume,
Fechas asociadas al nombre 1880-1918
9 (RLIN) 22095
830 0# - PUNTO DE ACCESO ADICIONAL DE SERIE-TÍTULO UNIFORME
Título uniforme Poétes d'Aujourd'hui ;
Designación de volumen o secuencia 3
9 (RLIN) 182047
852 ## - LOCALIZACIÓN
Ubicación ES-MaACL
Número de control de estantería D-7507
Sublocalización o colección R.31718
Holdings
Estatus retirado Estado de pérdida Estado de daño No para préstamo Biblioteca de origen Biblioteca actual Ubicación en estantería Fecha de adquisición Fuente de adquisición Total de préstamos Signatura topográfica completa Código de barras Visto por última vez Precio de reemplazo Tipo de ítem Koha
        Biblioteca del Ateneo de Madrid Biblioteca del Ateneo de Madrid Sala Valle Inclán 17/01/2008     D-7507 901087324 23/02/2023 23/02/2023 Libro impreso